000 01729cam a22004694i 4500
003 PE-LiUPU
005 20250731173514.0
008 150616s r 000 0 d
020 _a0842383913
035 _a(Sirsi) i9780842383912
040 _aPE-LiUPU
_bspa
_cPE-LiUPU
_erda
049 _aPRUA
082 0 4 _a226
_bW61
_221
100 1 _aWigram, George V.,
_eautor.
245 1 4 _aThe Word Study Concordance.
_n2 /
_cGeorge V. Wigram.
264 1 _aCalifornia :
_bTyndale House Publishers,
_c1978.
300 _a1115 páginas ;
_c23 centímetros
336 _atext
_2rdacontent
337 _aunmediated
_2rdamedia
338 _avolume
_2rdacarrier
505 0 _aGuide to the Numbers in the Headings.- Introduction to the Word Study Concordance.- Word Family Index.- Main Concordance.- Proper Names Concordance.- Englih-Greek Index.- Greek-English Index.- Comparative Concordance of Various Readings.- Alpha-Numeric Index.
526 _aSEG42
526 _aSEG41
526 _aSEG40
526 _aSEG39
526 _aP94
526 _aP87
526 _aP86
526 _aP85
526 _aP77
526 _aP76
526 _aP35
630 _aBiblia.
_pN.T.
_vConcordancias.
700 1 _aWinter, Ralph D.
910 _ajck
_bjvq
_cjck
942 _2ddc
_cBOOK
949 _a226 W61 2
_wDEWEY
_c1
_i41441
_lCCODEBUL1
_mBUL
_r0
_sY
_tBOOK
_u2015-6-16
_xTEOLOGIA
_zUNKNOWN
_0COMPRA
_o.STAFF. Colección General
994 _aC0
_bPEPRU
596 _a1
999 _a226 W61 2
_wDEWEY
_c59111
_i41441
_d59111
_e2019-1-13
_f2021-11-9
_g5
_lCCODEBUL1
_mBUL
_n2
_r0
_sY
_tBOOK
_u2015-6-16
_xTEOLOGIA
_zUNKNOWN
_0COMPRA
_o.STAFF. Colección General
980 _81
_gALBERTO SANCHEZ Responsable de Automatización